Vizit Leonida Il'jiča Brežneva vo Franciju 20-22 ijunja 1977 goda : reči, dokumenty, materialy /

Hlavní autor: Brežnev, Leonid Il'jič, 1906-1982
Další autoři: Aleksandrov, Aleksandr Michajlovič, 1907-1983
Jazyk: Ruština
Vydáno: Moskva : Politizdat, 1977
Fyzický popis: 64 s., fot. příl. : il.
Knihy
Uloženo v:
LEADER 00793nam a22002052a 4500
001 001179491
003 CZ BrMZK
005 20120525113710.0
007 ta
008 111109s1977 ru af er|||||||||||rus d
040 |a BOA001  |b cze 
100 1 |a Brežnev, Leonid Il'jič,  |d 1906-1982  |7 jn19990210130  |4 aut 
245 1 0 |a Vizit Leonida Il'jiča Brežneva vo Franciju 20-22 ijunja 1977 goda :  |b reči, dokumenty, materialy /  |c Leonid Il'jič Brežnev ; otv. za vyp. A.M. Aleksandrov 
260 |a Moskva :  |b Politizdat,  |c 1977 
300 |a 64 s., fot. příl. :  |b il. 
700 1 |a Aleksandrov, Aleksandr Michajlovič,  |d 1907-1983  |7 xx0008445  |4 edt 
910 |a BOA001  |b 2-0777.583 
990 |a BK 
991 |b 201111 
996 7 |b 2619495159  |c 2-0777.583  |l MZK  |r Sklad / do 1 hodiny  |n 0  |w 001212983  |u 000010  |a 1  |e BOA001  |j MZK50  |s A